[Event "BL 2324 MSA Zugzwang - SV Werder Bremen"]
[Site "?"]
[Date "2024.02.24"]
[Round "10.3"]
[White "McShane, Luke J"]
[Black "Baidetskyi, Valentin"]
[Result "1-0"]
[WhiteElo "2624"]
[BlackElo "2497"]
[PlyCount "55"]
[EventDate "2024.??.??"]

1. e4 e6 2. d4 d5 3. Nd2 c5 4. Ngf3 cxd4 5. exd5 Qxd5 6. Bc4 Qd6 7. O-O Nf6 8. Re1 Nc6 9. Ne4 Qb4 10. b3 Be7 11. Bb2 b5 12. Bd3 Bb7 13. a4 bxa4 14. Rxa4 Qb6 15. Nxd4 Rd8 16. Qa1 Nb4 17. Nf5 Nxe4 18. Nxg7+ Kf8 19. Bxe4 Rd2 20. Rxb4 Bxb4 21. Bxb7 Rg8 22. Bf3 Rxc2 23. Bd4 Qa5 24. Bc5+ Qxc5 25. Nxe6+ fxe6 26. Qf6+ Ke8 27. Qxe6+ Kd8 28. Qxg8+ 1-0

[Event "BL 2324 MSA Zugzwang - SV Werder Bremen"]
[Site "?"]
[Date "2024.02.24"]
[Round "10.6"]
[White "Kruckenhauser, Arthur"]
[Black "Aditya Mittal"]
[Result "0-1"]
[WhiteElo "2351"]
[BlackElo "2588"]
[PlyCount "70"]
[EventDate "2024.??.??"]

1. e4 c5 2. Nc3 d6 3. Bb5+ Bd7 4. Bxd7+ Nxd7 5. Qe2 a6 6. b3 g6 7. Bb2 Bg7 8. f4 e6 9. Nf3 Ne7 10. O-O O-O 11. Nd1 d5 12. Bxg7 Kxg7 13. d3 Qc7 14. g3 Rae8 15. c4 d4 16. Nf2 f6 17. Qd2 Nc6 18. Kg2 b5 19. h4 h5 20. Rfe1 b4 21. Re2 a5 22. Rae1 Qb7 23. g4 hxg4 24. Nxg4 Rh8 25. Kg3 Rh5 26. e5 fxe5 27. fxe5 Qb8 28. Ng5 Ne7 29. Nxe6+ Kg8 30. Nf4 Nf5+ 31. Kf2 Rxh4 32. Rg1 Nxe5 33. Nxe5 Rxe5 34. Rxg6+ Kf7 35. Rg2 Rxf4+ 0-1

[Event "BL 2324 MSA Zugzwang - SV Werder Bremen"]
[Site "?"]
[Date "2024.02.24"]
[Round "10.7"]
[White "Pruijssers, Roeland"]
[Black "Zeller, Frank"]
[Result "1/2-1/2"]
[WhiteElo "2536"]
[BlackElo "2329"]
[PlyCount "73"]
[EventDate "2024.??.??"]

1. b3 g6 2. Bb2 Nf6 3. Bxf6 exf6 4. c4 b6 5. Nc3 Bb7 6. e3 Bg7 7. Nf3 O-O 8. Be2 d6 9. O-O Nd7 10. d4 f5 11. Rc1 Re8 12. Qc2 Nf6 13. Nd2 h5 14. Bf3 Bxf3 15. Nxf3 Ne4 16. Nd5 h4 17. Nd2 h3 18. g3 Bh6 19. Nxe4 fxe4 20. f4 c6 21. Nc3 Qd7 22. Qe2 Rac8 23. Rc2 d5 24. cxd5 cxd5 25. Rfc1 Bg7 26. Qb5 Qg4 27. Qe2 Qd7 28. Nd1 Bf8 29. Nf2 Ba3 30. Rxc8 Rxc8 31. Rc2 Bc1 32. Nd1 Rc7 33. Rxc7 Qxc7 34. f5 gxf5 35. Qh5 Qc2 36. Qg5+ Kf8 37. Qd8+ 1/2-1/2

[Event "BL 2324 MSA Zugzwang - SV Werder Bremen"]
[Site "?"]
[Date "2024.02.24"]
[Round "10.8"]
[White "Gerigk, Erasmus"]
[Black "Reuker, Jari"]
[Result "1/2-1/2"]
[WhiteElo "2310"]
[BlackElo "2369"]
[PlyCount "41"]
[EventDate "2024.??.??"]

1. e4 c5 2. c3 Nf6 3. e5 Nd5 4. Nf3 e6 5. d4 cxd4 6. cxd4 d6 7. Bc4 Be7 8. O-O O-O 9. Qe2 a6 10. Qe4 Nd7 11. Rd1 b5 12. Bxd5 exd5 13. Qf4 dxe5 14. dxe5 Nc5 15. Nc3 Be6 16. Be3 Rc8 17. Qd4 Rc7 18. Rac1 b4 19. Ne2 Ne4 20. Nf4 Rxc1 21. Rxc1 1/2-1/2

[Event "BL 2324 SC Ötigheim - Schachfreunde Dei"]
[Site "?"]
[Date "2024.02.24"]
[Round "10.1"]
[White "Bluebaum, Matthias"]
[Black "Abasov, Nijat"]
[Result "1/2-1/2"]
[WhiteElo "2658"]
[BlackElo "2641"]
[PlyCount "48"]
[EventDate "2024.??.??"]

1. d4 d5 2. Nf3 Nf6 3. e3 e6 4. Nbd2 c5 5. b3 Nc6 6. Bb2 cxd4 7. exd4 Bd6 8. Bd3 O-O 9. a3 Qc7 10. Qe2 Nd7 11. O-O e5 12. dxe5 Ndxe5 13. Nxe5 Bxe5 14. Bxe5 Nxe5 15. Nf3 Re8 16. Nxe5 Rxe5 17. Qd2 Bd7 18. Rae1 Rae8 19. Qf4 h6 20. Rxe5 Qxe5 21. Qxe5 Rxe5 22. f4 Re7 23. Kf2 g5 24. g3 Kg7 1/2-1/2

[Event "BL 2324 SC Ötigheim - Schachfreunde Dei"]
[Site "?"]
[Date "2024.02.24"]
[Round "10.2"]
[White "Iturrizaga Bonelli, Eduardo"]
[Black "Kollars, Dmitrij"]
[Result "1/2-1/2"]
[WhiteElo "2602"]
[BlackElo "2619"]
[PlyCount "57"]
[EventDate "2024.??.??"]

1. Nf3 d5 2. e3 Nf6 3. c4 e6 4. Nc3 b6 5. b3 Bb7 6. Bb2 Nbd7 7. g3 dxc4 8. bxc4 e5 9. Bg2 e4 10. Ng5 Nc5 11. O-O h6 12. Nh3 Bd6 13. f4 Qe7 14. Nb5 Nd3 15. Bc3 O-O 16. g4 Bb4 17. Bxf6 Qxf6 18. Nxc7 Rad8 19. Nd5 Bxd5 20. cxd5 Qh4 21. Nf2 Nxf2 22. Rxf2 Rxd5 23. Bxe4 Qxf2+ 24. Kxf2 Rxd2+ 25. Qxd2 Bxd2 26. Rd1 Bb4 27. Rd7 Re8 28. Kf3 a5 29. Bd5 1/2-1/2

[Event "BL 2324 SC Ötigheim - Schachfreunde Dei"]
[Site "?"]
[Date "2024.02.24"]
[Round "10.3"]
[White "Kamsky, Gata"]
[Black "Oleksiyenko, Mykhaylo"]
[Result "1/2-1/2"]
[WhiteElo "2623"]
[BlackElo "2567"]
[PlyCount "58"]
[EventDate "2024.??.??"]

1. e4 c5 2. Nf3 e6 3. d4 cxd4 4. Nxd4 Nf6 5. Nc3 Bb4 6. e5 Nd5 7. Bd2 Nxc3 8. bxc3 Be7 9. Qg4 Kf8 10. Bd3 Na6 11. O-O Nc5 12. f4 h5 13. Qe2 g6 14. Be3 b6 15. a4 Bb7 16. Nb5 Bc6 17. Bd4 h4 18. h3 Rh5 19. c4 a6 20. Nd6 Bxd6 21. exd6 Nxd3 22. cxd3 f6 23. f5 Rxf5 24. Rxf5 gxf5 25. Qh5 Kg7 26. Qg5+ Kf7 27. Qh5+ Kg7 28. Qg5+ Kf7 29. Qh5+ Kg7 1/2-1/2

[Event "BL 2324 SC Ötigheim - Schachfreunde Dei"]
[Site "?"]
[Date "2024.02.24"]
[Round "10.4"]
[White "Laurent-Paoli, Pierre"]
[Black "Gustafsson, Jan"]
[Result "1-0"]
[WhiteElo "2537"]
[BlackElo "2615"]
[PlyCount "95"]
[EventDate "2024.??.??"]

1. d4 Nf6 2. c4 e6 3. Nc3 d5 4. Bg5 dxc4 5. e3 c5 6. Bxc4 cxd4 7. exd4 Be7 8. Nf3 h6 9. Bf4 Nc6 10. O-O O-O 11. Re1 Nd5 12. Bxd5 exd5 13. Qb3 Bb4 14. Ne5 a5 15. Nxc6 bxc6 16. a3 Bxc3 17. Qxc3 Bd7 18. a4 Qb6 19. Re7 Bf5 20. Bc7 Qa6 21. Rc1 Rfc8 22. Be5 Ra7 23. Qg3 Bg6 24. Rxa7 Qxa7 25. h4 h5 26. Rc5 Qe7 27. Qh3 Re8 28. Rxc6 f6 29. Qb3 Kh7 30. Rc7 Qe6 31. Bg3 Qg4 32. Kh2 Qxd4 33. Rd7 Re2 34. Qb7 f5 35. Qxd5 Qxd5 36. Rxd5 Re4 37. f3 Rxa4 38. Be1 Ra2 39. Bc3 a4 40. Rd7 Be8 41. Rxg7+ Kh6 42. Ra7 Ra1 43. Kg3 Rd1 44. Kf4 Rg1 45. Ra8 Bg6 46. g3 Ra1 47. Ra7 Ra2 48. Ke5 1-0

[Event "BL 2324 SC Ötigheim - Schachfreunde Dei"]
[Site "?"]
[Date "2024.02.24"]
[Round "10.5"]
[White "Zilka, Stepan"]
[Black "Grigoriants, Sergey"]
[Result "1/2-1/2"]
[WhiteElo "2597"]
[BlackElo "2541"]
[PlyCount "49"]
[EventDate "2024.??.??"]

1. e4 e5 2. Nf3 Nc6 3. Bb5 a6 4. Ba4 Nf6 5. O-O b5 6. Bb3 Bc5 7. c3 d6 8. a4 Rb8 9. d4 Bb6 10. a5 Ba7 11. Be3 Bg4 12. Nbd2 O-O 13. Qe1 Re8 14. dxe5 dxe5 15. Bxa7 Nxa7 16. Qe3 Nc8 17. h3 Bxf3 18. Nxf3 Nd6 19. Rfd1 Qe7 20. Ng5 Rf8 21. Qc5 h6 22. Nf3 Rfe8 23. Re1 Nb7 24. Qe3 Qc5 25. Ba2 1/2-1/2

[Event "BL 2324 SC Ötigheim - Schachfreunde Dei"]
[Site "?"]
[Date "2024.02.24"]
[Round "10.6"]
[White "Riehle, Marco"]
[Black "Dautov, Rustem"]
[Result "1/2-1/2"]
[WhiteElo "2361"]
[BlackElo "2583"]
[PlyCount "65"]
[EventDate "2024.??.??"]

1. e4 c6 2. c4 d5 3. exd5 cxd5 4. d4 Nf6 5. Nc3 e6 6. Nf3 Bb4 7. cxd5 Nxd5 8. Bd2 Nc6 9. Bd3 O-O 10. O-O Be7 11. Qe2 Nf6 12. Ne4 Qb6 13. Rfd1 Bd7 14. Nxf6+ Bxf6 15. Bg5 Bxg5 16. Bxh7+ Kxh7 17. Nxg5+ Kh6 18. Qe3 e5 19. Ne6+ Kh7 20. Qe4+ Kg8 21. Ng5 g6 22. Qh4 Kg7 23. Qh7+ Kf6 24. Ne4+ Ke7 25. Qg7 Rg8 26. Qf6+ Kf8 27. dxe5 Bg4 28. Ng5 Rg7 29. h3 Nxe5 30. Qxb6 axb6 31. hxg4 Nxg4 32. Rd7 Re8 33. f3 1/2-1/2

[Event "BL 2324 OSG Baden-Baden - SC Viernheim"]
[Site "?"]
[Date "2024.02.24"]
[Round "10.4"]
[White "Vachier-Lagrave, Maxime"]
[Black "Mamedyarov, Shakhriyar"]
[Result "1/2-1/2"]
[WhiteElo "2732"]
[BlackElo "2722"]
[PlyCount "73"]
[EventDate "2024.??.??"]

1. e4 e5 2. Nf3 Nc6 3. Bb5 a6 4. Ba4 Nf6 5. O-O Nxe4 6. d4 b5 7. Bb3 d5 8. dxe5 Be6 9. c3 Be7 10. Nbd2 Nc5 11. Bc2 d4 12. Nb3 d3 13. Bb1 Nxb3 14. axb3 Bf5 15. b4 O-O 16. h3 Qd7 17. Re1 Rfd8 18. g4 Bg6 19. Ba2 Qc8 20. Bg5 a5 21. bxa5 Bxg5 22. Nxg5 Nxa5 23. Nxf7 Bxf7 24. Bxf7+ Kxf7 25. e6+ Kg8 26. e7 Re8 27. Qxd3 Nb7 28. Rxa8 Qxa8 29. Qd5+ Kh8 30. Qd7 Qb8 31. Re5 Nd6 32. Rc5 h6 33. Rxc7 Ne4 34. Rb7 Qa8 35. Ra7 Qb8 36. Rb7 Qa8 37. Ra7 1/2-1/2

[Event "BL 2324 OSG Baden-Baden - SC Viernheim"]
[Site "?"]
[Date "2024.02.24"]
[Round "10.6"]
[White "Vitiugov, Nikita"]
[Black "Anton Guijarro, David"]
[Result "0-1"]
[WhiteElo "2687"]
[BlackElo "2672"]
[PlyCount "136"]
[EventDate "2024.??.??"]

1. e4 e5 2. Nf3 Nc6 3. Bb5 a6 4. Ba4 d6 5. O-O Bd7 6. c3 Nge7 7. d4 Ng6 8. Be3 Be7 9. Bc2 O-O 10. Nbd2 exd4 11. cxd4 Nb4 12. Bb1 Bb5 13. Re1 d5 14. e5 Nd3 15. Bxd3 Bxd3 16. Nb1 Bf5 17. Nc3 c6 18. Qb3 Rb8 19. Na4 Bg4 20. Nd2 b5 21. Nc3 Be6 22. Ne2 c5 23. Qd1 c4 24. Ng3 Qd7 25. Nf3 b4 26. h3 f5 27. exf6 Bxf6 28. Bg5 Bxg5 29. Nxg5 Bf5 30. Re3 Nf4 31. Nf3 Qd6 32. Qd2 Bg6 33. Ne5 Nd3 34. Rf1 Rbc8 35. Ne2 a5 36. Nxg6 Qxg6 37. Rg3 Qf6 38. Nc1 Nf4 39. Re1 Rce8 40. Ree3 Re4 41. Rxe4 dxe4 42. Qe3 Re8 43. Ne2 Nxe2+ 44. Qxe2 Qxd4 45. Re3 h6 46. Qc2 Rd8 47. Rxe4 Qd1+ 48. Qxd1 Rxd1+ 49. Kh2 Rd2 50. Rxc4 Rxb2 51. a3 bxa3 52. Ra4 Rxf2 53. Rxa5 a2 54. Kg3 Rc2 55. Ra7 Kf8 56. Kf3 Ke8 57. g4 Kd8 58. Ke4 g6 59. h4 Kc8 60. h5 Kb8 61. Ra3 g5 62. Ke5 Kb7 63. Kf5 Rb2 64. Ra4 Rc2 65. Ra3 Rd2 66. Ra4 Kb6 67. Ke6 Kb5 68. Ra8 Rf2 0-1

[Event "BL 2324 SC Remagen Sinzig - SG Solingen"]
[Site "?"]
[Date "2024.02.24"]
[Round "10.1"]
[White "Warmerdam, Max"]
[Black "Gledura, Benjamin"]
[Result "1-0"]
[WhiteElo "2617"]
[BlackElo "2622"]
[PlyCount "79"]
[EventDate "2024.??.??"]

1. e4 c5 2. Nf3 Nc6 3. c3 d5 4. exd5 Qxd5 5. d4 e6 6. Be3 cxd4 7. cxd4 Nf6 8. Nc3 Qd6 9. a3 Be7 10. Bd3 O-O 11. O-O Rd8 12. Rc1 Bd7 13. Bb1 Be8 14. Qd3 g6 15. Rfd1 Rac8 16. Ba2 b6 17. h3 Nd5 18. Nxd5 exd5 19. b4 Bf8 20. Qd2 f6 21. Bf4 Qd7 22. Nh2 g5 23. Bg3 Ne7 24. Ng4 Bg7 25. Ne3 Bf7 26. h4 h6 27. Qd3 Rxc1 28. Rxc1 Rc8 29. Re1 b5 30. Bb3 a6 31. Bd1 Bg6 32. Qd2 Qc6 33. Bf3 Bf7 34. Qd3 Bf8 35. Bg4 Qc3 36. Qd1 Re8 37. Bd7 Rd8 38. Ng4 Kg7 39. Re3 Qc4 40. hxg5 1-0

[Event "BL 2324 SC Remagen Sinzig - SG Solingen"]
[Site "?"]
[Date "2024.02.24"]
[Round "10.4"]
[White "Burg, Twan"]
[Black "Andersen, Mads"]
[Result "0-1"]
[WhiteElo "2520"]
[BlackElo "2600"]
[PlyCount "118"]
[EventDate "2024.??.??"]

1. e4 e5 2. Nf3 Nc6 3. Bb5 a6 4. Ba4 Nf6 5. O-O Be7 6. Re1 b5 7. Bb3 O-O 8. a4 Bb7 9. d3 d6 10. Nbd2 Nd7 11. c3 Nc5 12. Bc2 Nxa4 13. Bxa4 bxa4 14. Rxa4 Rb8 15. d4 exd4 16. cxd4 d5 17. e5 Qd7 18. Nb3 Nd8 19. Nc5 Qc6 20. b4 Bc8 21. h3 Qg6 22. Kh1 Rb6 23. Bf4 Bf5 24. Qe2 Nc6 25. e6 Bxe6 26. Bxc7 Rxb4 27. Ne5 Nxe5 28. Rxb4 Bxc5 29. Rb8 Nd7 30. Rxf8+ Bxf8 31. Qxa6 h5 32. Bf4 Kh7 33. Qe2 Qf5 34. Bh2 Bb4 35. Rc1 Nf6 36. Qc2 Qxc2 37. Rxc2 Nd7 38. f3 h4 39. Kg1 Kg6 40. Kf2 Be7 41. Ke3 Kf5 42. Rc6 Bg5+ 43. Kd3 Nf8 44. Ke2 Ng6 45. Kf2 Ne7 46. Rb6 Kg6 47. Ke2 Nf5 48. Bg1 Bf6 49. Kd3 Bd8 50. Rc6 Kg5 51. Ra6 Bd7 52. Ra7 Bb5+ 53. Kd2 Kg6 54. Ra1 Bg5+ 55. Kc3 Bc4 56. Re1 Ng3 57. Bf2 Ne2+ 58. Kc2 Nf4 59. Rg1 Nd3 0-1

[Event "BL 2324 SC Remagen Sinzig - SG Solingen"]
[Site "?"]
[Date "2024.02.24"]
[Round "10.5"]
[White "Van Wely, Loek"]
[Black "Swinkels, Robin"]
[Result "1/2-1/2"]
[WhiteElo "2623"]
[BlackElo "2509"]
[PlyCount "91"]
[EventDate "2024.??.??"]

1. Nf3 d5 2. c4 e6 3. d4 Nf6 4. Nc3 c5 5. e3 Nc6 6. cxd5 Nxd5 7. Bc4 cxd4 8. exd4 Be7 9. O-O O-O 10. Re1 Bf6 11. Ne4 b6 12. Nxf6+ Nxf6 13. Bg5 Bb7 14. a3 Rc8 15. Ba2 h6 16. Bh4 Ne7 17. Bxf6 gxf6 18. Nh4 Bd5 19. Qd2 Kh7 20. Bb1+ f5 21. Re3 Rg8 22. Rh3 Qf8 23. Bd3 Rg4 24. Be2 Rg8 25. Nf3 Qg7 26. Rg3 Qf6 27. Ne5 Nc6 28. Qf4 Rxg3 29. hxg3 Nxe5 30. dxe5 Qg5 31. Qd4 Rc2 32. Bd3 Rd2 33. Qc3 Kg7 34. Re1 h5 35. Bxf5 h4 36. Be4 hxg3 37. fxg3 Bxe4 38. Rxe4 Rd1+ 39. Re1 Rd5 40. Qf3 Rxe5 41. Qc3 f6 42. Rxe5 fxe5 43. Kf2 Qf5+ 44. Ke3 Qg5+ 45. Ke2 Qg4+ 46. Qf3 1/2-1/2

[Event "BL 2324 SC Remagen Sinzig - SG Solingen"]
[Site "?"]
[Date "2024.02.24"]
[Round "10.6"]
[White "Cyborowski, Lukasz"]
[Black "Ganguly, Surya Shekhar"]
[Result "1/2-1/2"]
[WhiteElo "2488"]
[BlackElo "2578"]
[PlyCount "68"]
[EventDate "2024.??.??"]

1. Nf3 c5 2. c4 Nf6 3. Nc3 Nc6 4. e3 e5 5. a3 d5 6. cxd5 Nxd5 7. Bb5 Nxc3 8. bxc3 Bd6 9. e4 O-O 10. O-O Qe7 11. d3 Bg4 12. h3 Bh5 13. g4 Bg6 14. Bxc6 bxc6 15. c4 Rab8 16. Be3 Rb6 17. Rb1 Rfb8 18. Qc2 Qb7 19. Nd2 f6 20. Qa4 Bf8 21. Qc2 Bf7 22. f3 h5 23. Kf2 g5 24. Qc3 Qa6 25. Rg1 h4 26. Ke2 Qa4 27. Rgc1 Be7 28. Rf1 Kf8 29. Rfc1 Ke8 30. Rf1 Kd7 31. Rfc1 Bd6 32. Rf1 Kc7 33. Rfc1 Kb7 34. Rb3 Kc7 1/2-1/2

[Event "BL 2324 SC Heimbach-Weis-Neuwied - SV MÃ"]
[Site "?"]
[Date "2024.02.24"]
[Round "10.1"]
[White "Navara, David"]
[Black "Livaic, Leon"]
[Result "1/2-1/2"]
[WhiteElo "2667"]
[BlackElo "2561"]
[PlyCount "86"]
[EventDate "2024.??.??"]

1. c4 e6 2. Nc3 d5 3. d4 Nf6 4. cxd5 exd5 5. Bg5 c6 6. e3 Be7 7. Bd3 Nbd7 8. Nge2 h6 9. Bh4 Nh5 10. Bxe7 Qxe7 11. O-O O-O 12. a4 a5 13. Qd2 Re8 14. Rfe1 Nb6 15. b3 Bd7 16. Rad1 Qg5 17. Nf4 Nxf4 18. exf4 Rxe1+ 19. Rxe1 Qf6 20. Re5 Qd6 21. Bc2 Rc8 22. h4 c5 23. dxc5 Qxc5 24. Nxd5 Qxc2 25. Qxc2 Rxc2 26. Nxb6 Be6 27. Rxa5 Bxb3 28. f5 Rc7 29. f3 f6 30. Kf2 Kf8 31. Ke3 Ke7 32. Rb5 Ba2 33. Kd4 Kd6 34. a5 Rc2 35. g4 Kc6 36. Rb4 Rc5 37. Ra4 Rc2 38. Rb4 Rc5 39. Nc4 Rd5+ 40. Kc3 Rc5 41. Kd4 Rd5+ 42. Ke4 Rc5 43. Kd4 Rd5+ 1/2-1/2

[Event "BL 2324 SC Heimbach-Weis-Neuwied - SV MÃ"]
[Site "?"]
[Date "2024.02.24"]
[Round "10.3"]
[White "Tregubov, Pavel V."]
[Black "Neugebauer, Martin"]
[Result "1/2-1/2"]
[WhiteElo "2567"]
[BlackElo "2527"]
[PlyCount "91"]
[EventDate "2024.??.??"]

1. e4 c5 2. c3 Nf6 3. e5 Nd5 4. Nf3 Nc6 5. Bc4 Nb6 6. Bb3 d5 7. exd6 c4 8. Bc2 Qxd6 9. Na3 Bg4 10. Qe2 Qe6 11. Qxe6 Bxe6 12. b3 O-O-O 13. Ng5 Bd5 14. bxc4 Nxc4 15. Nxc4 Bxc4 16. Bb3 Bxb3 17. axb3 Rd5 18. Nxf7 Rg8 19. d4 e5 20. Nxe5 Nxe5 21. dxe5 Rxe5+ 22. Be3 Bc5 23. Ra5 Rge8 24. Ke2 Bxe3 25. Rxe5 Rxe5 26. fxe3 Ra5 27. Kd3 Ra2 28. g4 Kd7 29. Rf1 Rxh2 30. Rf7+ Kc6 31. Rxg7 a5 32. Rg5 b6 33. Kc4 Rh4 34. e4 h5 35. Rxh5 Rxg4 36. Rh6+ Kc7 37. Re6 Rg3 38. b4 a4 39. Re7+ Kb8 40. Re6 Kc7 41. Kb5 a3 42. Rc6+ Kd8 43. Rxb6 Rxc3 44. Ra6 Kc7 45. e5 Re3 46. Kc4 1/2-1/2

[Event "BL 2324 SC Heimbach-Weis-Neuwied - SV MÃ"]
[Site "?"]
[Date "2024.02.24"]
[Round "10.5"]
[White "Feygin, Michael"]
[Black "Kraus, Tomas"]
[Result "1/2-1/2"]
[WhiteElo "2459"]
[BlackElo "2497"]
[PlyCount "51"]
[EventDate "2024.??.??"]

1. e4 d6 2. d4 Nf6 3. Nc3 e5 4. Nf3 Nbd7 5. Rg1 g6 6. g4 Bg7 7. g5 Nh5 8. Be3 O-O 9. Qd2 c6 10. O-O-O Qa5 11. Kb1 Re8 12. d5 Bf8 13. Ne2 Qa4 14. Nc3 Qa5 15. Ne2 Qa4 16. c4 Nc5 17. Nc3 Qa5 18. Be2 Bd7 19. Bxc5 dxc5 20. Ne1 Nf4 21. Nc2 Rad8 22. Ne3 b5 23. dxc6 Bxc6 24. Ncd5 Qxd2 25. Rxd2 Bxd5 26. Nxd5 1/2-1/2

[Event "BL 2324 SC Heimbach-Weis-Neuwied - SV MÃ"]
[Site "?"]
[Date "2024.02.24"]
[Round "10.6"]
[White "Ferreira, Jorge Viterbo"]
[Black "Zelbel, Patrick"]
[Result "0-1"]
[WhiteElo "2525"]
[BlackElo "2471"]
[PlyCount "80"]
[EventDate "2024.??.??"]

1. d4 Nf6 2. c4 g6 3. Nc3 Bg7 4. e4 d6 5. Nf3 O-O 6. Be2 e5 7. O-O exd4 8. Nxd4 Re8 9. f3 Nc6 10. Nxc6 bxc6 11. Be3 d5 12. Bg5 Qd6 13. cxd5 cxd5 14. Kh1 Bb7 15. Qb3 Qb6 16. Bb5 c6 17. Ba4 d4 18. Bxf6 Bxf6 19. Ne2 Ba6 20. Nf4 Be5 21. Nh3 Bxf1 22. Rxf1 Rab8 23. Qc4 Qxb2 24. Bb3 Re7 25. Nf2 Qc3 26. Qa6 Rb5 27. Qc8+ Kg7 28. Qd8 Qb4 29. Nd3 Qd6 30. Qc8 Bxh2 31. f4 Rh5 32. g4 Rh3 33. e5 Bxf4+ 34. Kg2 Rg3+ 35. Kh1 Bxe5 36. Bc4 Rh3+ 37. Kg2 Rg3+ 38. Kh1 Bf6 39. Nf4 Qe5 40. Kh2 Rc3 0-1

[Event "BL 2324 SC Heimbach-Weis-Neuwied - SV MÃ"]
[Site "?"]
[Date "2024.02.24"]
[Round "10.7"]
[White "Hausrath, Daniel"]
[Black "Winterberg, Lukas"]
[Result "1-0"]
[WhiteElo "2455"]
[BlackElo "2418"]
[PlyCount "119"]
[EventDate "2024.??.??"]

1. Nf3 Nf6 2. g3 e6 3. Bg2 d5 4. d4 Be7 5. O-O O-O 6. c4 dxc4 7. Qa4 a6 8. Qxc4 b5 9. Qc2 Bb7 10. Bf4 Nd5 11. Nbd2 Nd7 12. Nb3 c5 13. dxc5 Rc8 14. Rad1 Bxc5 15. Nxc5 Rxc5 16. Qd2 Nxf4 17. Qxf4 Qc8 18. Rc1 Nf6 19. Rxc5 Qxc5 20. Rc1 Qb6 21. Qc7 Nd5 22. Qxb6 Nxb6 23. Rc7 Bd5 24. b3 Rc8 25. Rxc8+ Nxc8 26. Ne5 Nb6 27. e4 Bb7 28. Nd3 a5 29. f4 Kf8 30. Kf2 Ke7 31. Ke3 Nd7 32. Kd4 f6 33. Bh3 Bc6 34. e5 Bd5 35. Bf1 b4 36. Nb2 fxe5+ 37. fxe5 Nb8 38. Bb5 Kd8 39. Nd3 g5 40. h4 h6 41. Nf2 Kc7 42. Kc5 Bc6 43. Bxc6 Nxc6 44. Nd3 g4 45. h5 Kb7 46. Kd6 Nd4 47. Nf2 Ka6 48. Nxg4 Kb5 49. Ne3 a4 50. bxa4+ Kxa4 51. g4 Ka3 52. g5 Kxa2 53. gxh6 b3 54. h7 b2 55. h8=Q b1=Q 56. Qa8+ Kb2 57. Qb7+ Nb3 58. Kxe6 Qd3 59. Qg2+ Kc3 60. Qc2+ 1-0

[Event "BL 2324 SC Heimbach-Weis-Neuwied - SV MÃ"]
[Site "?"]
[Date "2024.02.24"]
[Round "10.8"]
[White "Tica, Sven"]
[Black "Saltaev, Mihail"]
[Result "1/2-1/2"]
[WhiteElo "2433"]
[BlackElo "2442"]
[PlyCount "105"]
[EventDate "2024.??.??"]

1. d4 d5 2. c4 e6 3. Nf3 Nf6 4. g3 Be7 5. Bg2 O-O 6. Nc3 dxc4 7. Ne5 c5 8. dxc5 Qxd1+ 9. Nxd1 Bxc5 10. Nxc4 Nd5 11. Nc3 Nxc3 12. bxc3 Nc6 13. Rb1 f6 14. Rb5 Be7 15. O-O Rd8 16. f4 Rd7 17. Be3 Rc7 18. Rfb1 Nd8 19. Na5 Rxc3 20. Kf2 Ra3 21. Nxb7 Nxb7 22. Bxb7 Bxb7 23. Rxb7 Bd6 24. Rd7 Bf8 25. Rb2 a6 26. g4 h6 27. h4 Rc8 28. g5 hxg5 29. hxg5 fxg5 30. fxg5 Kh7 31. Bd4 Kg6 32. e3 Ra5 33. Kf3 Re8 34. Ra7 e5 35. Bc3 e4+ 36. Kf2 Ra3 37. Bd4 Kxg5 38. Kg1 Ra5 39. Rf7 g6 40. Rbf2 Rf5 41. Rg2+ Kh6 42. Rh2+ Rh5 43. Rhf2 Rf5 44. R7xf5 gxf5 45. Rxf5 Bg7 46. Bxg7+ Kxg7 47. Rg5+ Kf6 48. Ra5 Ra8 49. Kf2 Ke6 50. Ke2 Ra7 51. Ra4 Ke5 52. Ra5+ Ke6 53. Ra4 1/2-1/2

[Event "BL 2324 USV TU Dresden - Hamburger SK"]
[Site "?"]
[Date "2024.02.24"]
[Round "10.1"]
[White "Nihal Sarin"]
[Black "Nisipeanu, Liviu-Dieter"]
[Result "1-0"]
[WhiteElo "2693"]
[BlackElo "2587"]
[PlyCount "73"]
[EventDate "2024.??.??"]

1. d4 Nf6 2. c4 e6 3. Nf3 Bb4+ 4. Bd2 Qe7 5. g3 Nc6 6. Nc3 O-O 7. d5 exd5 8. Nxd5 Bxd2+ 9. Qxd2 Qd8 10. Bg2 d6 11. O-O Ne4 12. Qc2 Re8 13. b4 a5 14. a3 axb4 15. axb4 Rxa1 16. Rxa1 Nf6 17. Ra8 Nxd5 18. cxd5 Nxb4 19. Qc4 c5 20. Bh3 Qc7 21. Qb5 Kf8 22. Qxe8+ Kxe8 23. Rxc8+ Qxc8 24. Bxc8 b5 25. e4 Kd8 26. Bh3 Kc7 27. Kf1 Nd3 28. Ke2 c4 29. Ke3 Nb2 30. Kd4 Nd1 31. Bf1 Nxf2 32. Ng5 f6 33. Ne6+ Kb6 34. Nxg7 Ka5 35. Nf5 Kb4 36. Nxd6 c3 37. Bd3 1-0

[Event "BL 2324 USV TU Dresden - Hamburger SK"]
[Site "?"]
[Date "2024.02.24"]
[Round "10.3"]
[White "Mendonca, Leon Luke"]
[Black "Michalik, Peter"]
[Result "1/2-1/2"]
[WhiteElo "2631"]
[BlackElo "2560"]
[PlyCount "62"]
[EventDate "2024.??.??"]

1. d4 d5 2. c4 c6 3. Nf3 Nf6 4. e3 Bf5 5. Nc3 e6 6. Nh4 Bg6 7. Be2 Nbd7 8. O-O Be7 9. Nxg6 hxg6 10. Bd2 O-O 11. Qb3 Rb8 12. Rfd1 Bd6 13. Rac1 Qe7 14. Be1 a6 15. a3 Rfd8 16. g3 dxc4 17. Qxc4 e5 18. dxe5 Bxe5 19. a4 Bd6 20. a5 Bb4 21. Na4 Bxe1 22. Rxe1 Ne5 23. Qc5 Qe6 24. Red1 Ne4 25. Qb4 Qf5 26. f4 Ng4 27. Bxg4 Qxg4 28. Rxd8+ Rxd8 29. Qxe4 Rd1+ 30. Rxd1 Qxd1+ 31. Kg2 Qe2+ 1/2-1/2

[Event "BL 2324 USV TU Dresden - Hamburger SK"]
[Site "?"]
[Date "2024.02.24"]
[Round "10.4"]
[White "Gajewski, Grzegorz"]
[Black "Kempinski, Robert"]
[Result "1/2-1/2"]
[WhiteElo "2555"]
[BlackElo "2547"]
[PlyCount "52"]
[EventDate "2024.??.??"]

1. c4 b6 2. Nc3 Bb7 3. e4 e5 4. Nf3 Nc6 5. a3 Nf6 6. d3 Bc5 7. b4 Bd4 8. Nxd4 Nxd4 9. Be3 O-O 10. Be2 c6 11. O-O d5 12. exd5 Nxe2+ 13. Qxe2 cxd5 14. Bg5 d4 15. Nb1 h6 16. Bxf6 Qxf6 17. Nd2 Qg6 18. f3 Rfe8 19. Rfc1 Rac8 20. a4 f5 21. c5 e4 22. fxe4 fxe4 23. Nxe4 Bxe4 24. dxe4 Rxe4 25. Qc4+ Kh7 26. Ra3 bxc5 1/2-1/2

[Event "BL 2324 USV TU Dresden - Hamburger SK"]
[Site "?"]
[Date "2024.02.24"]
[Round "10.7"]
[White "Kramer, Julian"]
[Black "Boensch, Uwe"]
[Result "1/2-1/2"]
[WhiteElo "2469"]
[BlackElo "2455"]
[PlyCount "89"]
[EventDate "2024.??.??"]

1. e4 c5 2. Nf3 Nc6 3. Bb5 e5 4. O-O Bd6 5. d4 Nxd4 6. Nxd4 cxd4 7. c3 Bc5 8. cxd4 Bxd4 9. Nd2 Nf6 10. Nf3 Bc5 11. Nxe5 O-O 12. Bg5 Be7 13. Bxf6 Bxf6 14. Nd3 d6 15. Bc4 Bd7 16. Bd5 Bc6 17. Bxc6 bxc6 18. Rc1 Re8 19. Rxc6 Rxe4 20. b4 Rc8 21. Qc2 Rxc6 22. Qxc6 d5 23. Re1 Rxe1+ 24. Nxe1 g6 25. Kf1 Kg7 26. Nd3 Bd4 27. g3 Qg5 28. Qc2 Qf5 29. Qe2 Qc8 30. b5 a6 31. bxa6 Qxa6 32. Nf4 Qc6 33. Qd2 Qc4+ 34. Qd3 Qc5 35. Ne2 Bxf2 36. Qc3+ f6 37. Qxc5 Bxc5 38. Nf4 Kf7 39. Nxd5 Ke6 40. Nf4+ Kd6 41. g4 Ba3 42. Ke2 Ke5 43. Kf3 f5 44. g5 Kd4 45. Ne6+ 1/2-1/2

[Event "BL 2324 USV TU Dresden - Hamburger SK"]
[Site "?"]
[Date "2024.02.24"]
[Round "10.8"]
[White "Hoffmann, Paul"]
[Black "Zwirs, Nico"]
[Result "1/2-1/2"]
[WhiteElo "2382"]
[BlackElo "2474"]
[PlyCount "118"]
[EventDate "2024.??.??"]

1. e4 c5 2. Nf3 d6 3. Bb5+ Nd7 4. a4 Ngf6 5. Nc3 a6 6. Be2 b6 7. O-O Bb7 8. d3 e6 9. Re1 Be7 10. Bf1 O-O 11. Ne2 Qc7 12. Ng3 Rfe8 13. b3 Bf8 14. Bb2 g6 15. c3 e5 16. c4 Bg7 17. Ne2 Nf8 18. Nc3 Ne6 19. Nd5 Nxd5 20. cxd5 Nf8 21. g3 Bc8 22. Nh4 Bd7 23. Qd2 b5 24. axb5 Bxb5 25. Bc3 Qe7 26. Bh3 h5 27. b4 c4 28. dxc4 Bxc4 29. Qc1 Bb5 30. Bd2 Bf6 31. Nf3 Nd7 32. Be3 Rec8 33. Qd2 Rc7 34. Bf1 Bxf1 35. Rxf1 Qd8 36. Qd3 Qb8 37. Rfb1 Qb7 38. Ra5 Rcc8 39. b5 axb5 40. Raxb5 Qa6 41. Nd2 Be7 42. Qf1 Nf6 43. Rb7 Qxf1+ 44. Kxf1 Bf8 45. f3 Ra3 46. Ke2 Rcc3 47. R1b3 Rcxb3 48. Rxb3 Rxb3 49. Nxb3 Ne8 50. g4 hxg4 51. fxg4 f5 52. gxf5 gxf5 53. Bg5 fxe4 54. Ke3 Kf7 55. Nd2 Kg6 56. h4 Bh6 57. Bxh6 Kxh6 58. Nc4 Kg6 59. Kxe4 Nf6+ 1/2-1/2